Logo CIB grande

EL DESARROLLO DE LA INVESTIGACION EN LA ESPOL (Registro nro. 227621)

Detalles MARC
000 -LEADER
campo de control de longitud fija 00708nam a2200265Ia 4500
003 - IDENTIFICADOR DE NÚMERO DE CONTROL
campo de control EC-GqESP
005 - FECHA Y HORA DE LA ÚLTIMA TRANSACCIÓN
campo de control 20260130105929.0
008 - DATOS DE LONGITUD FIJA--INFORMACIÓN GENERAL
campo de control de longitud fija 250425s9999 xx 000 0 und d
010 ## - NÚMERO DE CONTROL DE LA BIBLIOTECA DEL CONGRESO
Número de control de LC 65480
041 ## - CÓDIGO DE IDIOMA
Código de lengua del texto/banda sonora o título independiente spa
043 ## - CÓDIGO DE ÁREA GEOGRÁFICA
Código de área geográfica ec
082 ## - NÚMERO DE LA CLASIFICACIÓN DECIMAL DEWEY
Número de clasificación 378.155
100 ## - ENTRADA PRINCIPAL--NOMBRE DE PERSONA
Nombre de persona CARRION, PAUL
245 #0 - MENCIÓN DEL TÍTULO
Título EL DESARROLLO DE LA INVESTIGACION EN LA ESPOL
250 ## - MENCION DE EDICION
Mención de edición S.E
260 ## - PUBLICACIÓN, DISTRIBUCIÓN, ETC.
Lugar de publicación, distribución, etc. Ecuador
Nombre del editor, distribuidor, etc. ESPOL, CICYT
Fecha de publicación, distribución, etc. 2008
260 ## - PUBLICACIÓN, DISTRIBUCIÓN, ETC.
Lugar de publicación, distribución, etc. GUAYAQUIL
300 ## - DESCRIPCIÓN FÍSICA
Extensión 301
650 ## - PUNTO DE ACCESO ADICIONAL DE MATERIA--TÉRMINO DE MATERIA
Término de materia o nombre geográfico como elemento de entrada CENTRO DE INVESTIGACION CIENTIFICA Y TECNOLOGICA
650 ## - PUNTO DE ACCESO ADICIONAL DE MATERIA--TÉRMINO DE MATERIA
Término de materia o nombre geográfico como elemento de entrada ESPOL-INVESTIGACION Y DESARROLLO
650 ## - PUNTO DE ACCESO ADICIONAL DE MATERIA--TÉRMINO DE MATERIA
Término de materia o nombre geográfico como elemento de entrada ESPOL-PROYECTOS DE INVESTIGACION
650 ## - PUNTO DE ACCESO ADICIONAL DE MATERIA--TÉRMINO DE MATERIA
Término de materia o nombre geográfico como elemento de entrada ESPOL-PROYECTOS DE INVESTIGACION
700 ## - ENTRADA AGREGADA--NOMBRE PERSONAL
Nombre de persona TACLE, MOISES
942 ## - ELEMENTOS DE ENTRADA SECUNDARIOS (KOHA)
Tipo de ítem Koha Libros
Existencias
Estatus retirado Estado de pérdida Estado de daño No para préstamo Biblioteca de origen Biblioteca actual Fecha de adquisición Coste, precio normal de compra Total de préstamos Código de barras Copia número Tipo de ítem Koha Nota pública Ubicación en estantería
        CENTRO DE INFORMACIÓN BIBLIOTECARIA CENTRO DE INFORMACIÓN BIBLIOTECARIA 22/06/2009 6.00   D-64535 9 Libros ESPOL. FIMCBOR: TURISMO  
        CENTRO NACIONAL DE INVESTIGACIONES MARINAS CENTRO NACIONAL DE INVESTIGACIONES MARINAS 29/03/2016 5.00   D-81931 23      
        CENTRO NACIONAL DE INVESTIGACIONES MARINAS CENTRO NACIONAL DE INVESTIGACIONES MARINAS 29/03/2016 5.00   D-81932 24      
        CENTRO NACIONAL DE INVESTIGACIONES MARINAS CENTRO NACIONAL DE INVESTIGACIONES MARINAS 29/03/2016 5.00   D-81933 25      
        CENTRO NACIONAL DE INVESTIGACIONES MARINAS CENTRO NACIONAL DE INVESTIGACIONES MARINAS 16/12/2015 10.00   D-81448 22      
        ESCUELA DE NEGOCIOS ESCUELA DE NEGOCIOS 04/07/2009 10.00   D-P 10048 40   DONADO  
        ESCUELA DE NEGOCIOS ESCUELA DE NEGOCIOS 04/07/2009 10.00   D-P 10049 41   DONADO  
        ESCUELA DE NEGOCIOS ESCUELA DE NEGOCIOS 19/04/2011 15.00   D-P 10564 42   DONADO  
        ESCUELA DE NEGOCIOS ESCUELA DE NEGOCIOS 19/04/2011 15.00   D-P 10565 43   DONADO  
        FACULTAD DE INGENIERIA MECANICA Y CIENCIAS DE LA PRODUCCION FACULTAD DE INGENIERIA MECANICA Y CIENCIAS DE LA PRODUCCION 21/04/2010 5.00   D-65969 12      
        FACULTAD DE INGENIERIA MECANICA Y CIENCIAS DE LA PRODUCCION FACULTAD DE INGENIERIA MECANICA Y CIENCIAS DE LA PRODUCCION 21/04/2010 5.00   D-65970 13      
        FACULTAD DE INGENIERIA MECANICA Y CIENCIAS DE LA PRODUCCION FACULTAD DE INGENIERIA MECANICA Y CIENCIAS DE LA PRODUCCION 21/04/2010 5.00   D-65971 14      
        FACULTAD DE INGENIERIA MECANICA Y CIENCIAS DE LA PRODUCCION FACULTAD DE INGENIERIA MECANICA Y CIENCIAS DE LA PRODUCCION 21/04/2010 5.00   D-65972 15      

Copyright 2025 ESPOL. Todos los derechos reservados.